| 000 -LEADER |
| fixed length control field |
01995 a2200217 4500 |
| 020 ## - INTERNATIONAL STANDARD BOOK NUMBER |
| International Standard Book Number |
0072229985 |
| 020 ## - INTERNATIONAL STANDARD BOOK NUMBER |
| International Standard Book Number |
9780072229981 |
| 040 ## - CATALOGING SOURCE |
| Original cataloging agency |
DLC |
| Language of cataloging |
DLC |
| 082 00 - DEWEY DECIMAL CLASSIFICATION NUMBER |
| Classification number |
005.4/32 |
| 100 1# - MAIN ENTRY--PERSONAL NAME |
| Personal name |
Watters, Paul A. |
| 245 10 - TITLE STATEMENT |
| Title |
Solaris 10: the complete reference |
| Remainder of title |
the complete reference |
| Statement of responsibility, etc. |
Paul A. Watters |
| 246 3# - VARYING FORM OF TITLE |
| Title proper/short title |
Complete reference, Solaris 10 |
| 260 ## - PUBLICATION, DISTRIBUTION, ETC. |
| Place of publication, distribution, etc. |
New York : |
| Name of publisher, distributor, etc. |
McGraw-Hill/Osborne, |
| Date of publication, distribution, etc. |
c2005. |
| 300 ## - PHYSICAL DESCRIPTION |
| Extent |
xxvii, 738 p. : |
| Other physical details |
ill. ; |
| Dimensions |
24 cm. |
| 500 ## - GENERAL NOTE |
| General note |
Includes index. |
| 505 0# - FORMATTED CONTENTS NOTE |
| Formatted contents note |
pt. 1. Installation. Introduction to Solaris 10 -- System concepts and choosing hardware -- Solaris 10 installation -- Initialization, OpenBoot PROM, and run levels -- pt. 2. System essentials. Installing software, live upgrade, and patching -- Text processing and editing -- Shells, scripts, and scheduling -- Process management -- pt. 3. Security. System security -- File system access control -- Role-based access control -- Users, groups, and the Sun management console -- Kerberos and pluggable authentication -- pt. 4. Managing devices. Device and resource management -- Installing disks and file systems -- File system and volume management -- Backup and recovery -- Printer management -- Pseudo file systems and virtual memory -- System logging, accounting, and tuning -- pt. 5. Networking. Basic networking -- DHCP and NTP -- Routing and firewalls -- Remote access -- Internet layer (IPv6) -- pt. 6. Services, directories, and applications. Network file system and caching file system -- Sendmail -- Domain name service -- Network information service (NIS/NIS+) -- Lightweight directory access protocol (LDAP) -- Samba -- Application development and debugging -- Web applications and services. |
| 650 #0 - SUBJECT ADDED ENTRY--TOPICAL TERM |
| Topical term or geographic name entry element |
Operating systems (Computers) |
| 856 41 - ELECTRONIC LOCATION AND ACCESS |
| Materials specified |
Table of contents only |
| Uniform Resource Identifier |
<a href="http://www.loc.gov/catdir/enhancements/fy0626/2005278578-t.html">http://www.loc.gov/catdir/enhancements/fy0626/2005278578-t.html</a> |
| 856 41 - ELECTRONIC LOCATION AND ACCESS |
| Materials specified |
Contributor biographical information |
| Uniform Resource Identifier |
<a href="http://www.loc.gov/catdir/enhancements/fy0737/2005278578-b.html">http://www.loc.gov/catdir/enhancements/fy0737/2005278578-b.html</a> |
| 942 ## - ADDED ENTRY ELEMENTS (KOHA) |
| Koha item type |
Book |
| Call number prefix |
005.432 WAT |
| Source of classification or shelving scheme |
|